000 00800nam a2200301 b 4500
001 00530372
003 DO-SdBNP
005 20240628133652.0
007 00530372
008 961105s2006 sp ||spa
016 7 _a
_2BPMSU
017 _a
_b
020 _a8486684404
035 _a
040 _aBPMSU
_bspa
_cBPMSU
_e
041 1 _aspa
_h
082 4 _a863.6
_bL875s 2006
_222
100 1 _aLorman, Josep
_d1948-
245 1 0 _aSan Jorge, el Dragón y la Princesa /
_cJosep Lorman
_h
260 _aBarcelona:
_bMarge Bookj,
_c2006
300 _a22 p.:
_c27 cm
590 _aInventariado, 2024/VM
650 4 _aNovela española
650 4 _aLiteratura infantil española
700 1 _aLlouisot
_eilustraciones
910 _aVMateo V. Control de calidad. BPMSU
942 _2ddc
_cBK
999 _c14705
_d14705